STN EN 10246-8: 2002 [neplatná] (01 5061) Nedeštruktívne skúšanie oceľových rúr Časť 8: automatizované skúšanie zvarových spojov ultrazvukom elektrickým oblúkom zváraných oceľových rúr na zisťovanie pozdĺžnych chýb

Bibliographic Details
Format: Book
Language:Undetermined
Published: Bratislava Slovenský ústav technickej normalizácie 2002
Subjects:

MARC

LEADER 00000nam a2200000 a 4500
001 vtls001469844
003 SK-MaSNL
005 20260301150403.0
008 160624s2004 xo 0 und
035 |a SNK000425149 
040 |a SNK  |b slo  |c SNK  |e AACR2 
044 |a xo  |c SK 
046 |a m  |m 200210 (účin. )  |n 201209 
130 |a STN 01 5064 [neplatná] (STN EN ISO 10893-11)  |9 507550 
245 1 |a STN EN 10246-8: 2002 [neplatná] (01 5061) Nedeštruktívne skúšanie oceľových rúr  |n Časť 8:  |p automatizované skúšanie zvarových spojov ultrazvukom elektrickým oblúkom zváraných oceľových rúr na zisťovanie pozdĺžnych chýb 
260 |a Bratislava  |b Slovenský ústav technickej normalizácie  |c 2002 
500 |a Norma je nahradená normou STN EN ISO 10893-11 zo septembra 2012 v celom rozsahu 
655 7 |a normy  |2 SNK  |9 70643 
774 1 8 |t STN EN ISO 10893-11: 2012  |d Bratislava: Slovenský ústav technickej normalizácie, 2012  |w vtls010452110 
999 |c 783349  |d 785279 
952 |t P60, <03>, [BOOK], {603}  |a SNK  |b SNK  |y PREZ  |7 0  |p 17A0415210  |o snkSTN EN 10246-8  |i snkN 739/2004  |0 0  |1 0  |4 0  |d 2004-03-01  |l 0  |r 2005-01-02 00:00:00  |w 2026-02-24 
952 |a SNK  |b SNK  |y PREZ  |7 0  |p 17A0415223  |o snkSTN EN 10246-8 D1  |i snkN 723/2004  |0 0  |1 0  |4 0  |d 2004-03-01  |l 0  |r 2005-01-02 00:00:00  |w 2026-02-24